Southville International School and Colleges
Your cart is empty.
  • Cart
  • Lists
    Public lists Eva Luna New books Lux_list list_1
    Your lists Log in to create your own lists
  • Log in to your account
  • Your cookies
  • Search history
Southville International School and Colleges
  • Advanced search
  • Recent comments
  • Most popular
  • Libraries

Log in to your account

Log in with GOOGLE


If you do not have an external account, but do have a local account, you can still log in:

  1. Home
  2. MARC view: The 5 catalysts of 7 figure growth :
Normal view MARC view ISBD view

The 5 catalysts of 7 figure growth : (Record no. 356846)

[ view plain ]
MARC details
000 -LEADER
fixed length control field 00597nam a2200229Ia 4500
008 - FIXED-LENGTH DATA ELEMENTS--GENERAL INFORMATION
fixed length control field 180523s9999 xx 000 0 und d
020 ## - INTERNATIONAL STANDARD BOOK NUMBER
International Standard Book Number 1-56414-828-9
050 ## - LIBRARY OF CONGRESS CALL NUMBER
Classification number MAIN HD 31
050 ## - LIBRARY OF CONGRESS CALL NUMBER
Item number .B57 2006
100 ## - MAIN ENTRY--PERSONAL NAME
Personal name Birol, Andy.
245 #4 - TITLE STATEMENT
Title The 5 catalysts of 7 figure growth :
245 #0 - TITLE STATEMENT
Remainder of title propel your business to the next level /
245 #0 - TITLE STATEMENT
Statement of responsibility, etc Andy Birol.
260 ## - PUBLICATION, DISTRIBUTION, ETC. (IMPRINT)
Place of publication, distribution, etc New Jersey :
260 ## - PUBLICATION, DISTRIBUTION, ETC. (IMPRINT)
Name of publisher, distributor, etc Career Press,
260 ## - PUBLICATION, DISTRIBUTION, ETC. (IMPRINT)
Date of publication, distribution, etc 2006
300 ## - PHYSICAL DESCRIPTION
Extent 249 pages :
300 ## - PHYSICAL DESCRIPTION
Dimensions 23 cm.
500 ## - GENERAL NOTE
General note Includes index.
650 ## - SUBJECT ADDED ENTRY--TOPICAL TERM
Topical term or geographic name as entry element Industrial management.
650 ## - SUBJECT ADDED ENTRY--TOPICAL TERM
General subdivision Business planning.
Holdings
Withdrawn status Lost status Damaged status Home library Current library Shelving location Date acquired Cost, normal purchase price Total Checkouts Full call number Barcode Date last seen Price effective from Koha item type
      South Mansfield College South Mansfield College   06/18/2007 1.00   MAIN HD 31 .B57 2006 SMC03583 05/23/2018 05/23/2018  

The 5 catalysts of 7 figure growth :

APA

Birol A., .The 5 catalysts of 7 figure growth. New Jersey: .

Chicago

Birol Andy, .The 5 catalysts of 7 figure growth. New Jersey: .

Harvard

Birol A., .The 5 catalysts of 7 figure growth. New Jersey: .

MLA

Birol Andy, .New Jersey: . .

  • Place hold
  • Print
  • Cite
  • Add to your cart (remove)
  • Save record
    BIBTEX Dublin Core MARCXML MARC (non-Unicode/MARC-8) MARC (Unicode/UTF-8) MARC (Unicode/UTF-8, Standard) MODS (XML) RIS
  • More searches
    Search for this title in:
    Other Libraries (WorldCat) Other Databases (Google Scholar) Online Stores (Bookfinder.com) Open Library (openlibrary.org)

Exporting to Dublin Core...

SOUTHVILLE LIBRARY

Southville International School and Colleges Library

1281 Tropical Ave. Cor. Luxembourg St., BF Homes International, Las Pinas City

Tel. No. 8256374 / 252358 Loc. 117/146

Powered by Koha